Rów babicze - NIERÓWNO POD SUFITEM - Statystyki

Ogólne statystyki
  • Ten quiz został rozwiązany 70 razy
  • Średni wynik to 10 z 16
Statystyki odpowiedzi
feat utwór % Poprawnych
Białas PANCZETTA
81%
CZTERY PORY ROWU
79%
TEPESZ MODE
79%
ECHO
74%
KSBK
70%
SOBIE ŚWIECISZ CZY MI?
70%
LEKKO CHYCONY
68%
GRABEN
65%
PRZYJEMNOŚCI > OBOWIĄZKI
61%
SAME SHIT
61%
GARDEN PARTY
60%
BULGUR
56%
KROWY DOIĆ
56%
NIE NARÓB GŁUPOT
56%
MUSZĘ LECIEĆ
51%
SIEMANO (SKIT)
40%
Nie znaleziono quizów pasujących do podanych kryteriów
Rozkład punktacji
Procent ludzi z każdym wynikiem
Percentyl według liczby udzielonych odpowiedzi
Twoja historia wyników
Nie rozwiązałeś tego quizu